| 000 | 01180nam a22002297a 4500 | ||
|---|---|---|---|
| 001 | 6733 | ||
| 003 | FISKH | ||
| 005 | 20250523111819.0 | ||
| 008 | 250523b cb ||||| |||| 00| 0 eng d | ||
| 020 | _a9782013220613 | ||
| 040 |
_aFISKH _bFrench _cFISKH _dFISKH |
||
| 050 | _aPR6005.H66 D4 | ||
| 082 | _a823.0872 | ||
| 100 | _aChristie, Agatha | ||
| 245 |
_aMort sur le Nil / _cBy Agatha Christie |
||
| 260 |
_aNew York : _bDood Mead & Company Inc , _c1926. |
||
| 300 |
_a347 pages : _billustrations ; _c18 cm . |
||
| 520 | _aBeloved detective Hercule Poirot embarks on a journey to Egypt in one of Agatha Christie's most famous mysteries, Death on the Nile. The tranquility of a cruise along the Nile was shattered by the discovery that Linnet Ridgeway had been shot through the head. She was young, stylish, and beautiful. A girl who had everything...until she lost her life. Hercule Poirot recalled an earlier outburst by a fellow passenger: "I'd like to put my dear little pistol against her head and just press the trigger." Yet in this exotic setting nothing is ever quite what it seems. | ||
| 650 |
_amurder mystery _vFiction |
||
| 942 |
_2ddc _cBK _n0 |
||
| 999 |
_c6733 _d6733 |
||